| 000 | 01566nam a2200193 a 4500 | ||
|---|---|---|---|
| 001 | 000045731 | ||
| 005 | 20240305095107.0 | ||
| 008 | 150508s1994 dr a 000 0 spa d | ||
| 040 |
_aDO-SdBNP _bspa _cBNPHU |
||
| 082 |
_axxxx _bxxxx |
||
| 100 | 1 |
_aDauhajre, Andrés _96000 |
|
| 245 | 1 | 0 |
_aEstabilización, apertura y pobreza en la República Dominicana : _b1986-1992 / _cAndrés Dauhajre, José Achécar Chupani y Anne Swindale. |
| 260 |
_aSanto Domingo : _bFundación Economía y Desarrollo, _c1994. |
||
| 300 |
_axiii, 238 p. : _bil. ; _c23 cm. |
||
| 505 | 0 |
_aResumen de resultados -- _tDistribución del ingreso -- _tIndigencia y pobreza -- _tLa mujer y la pobreza -- _tLa niñez y la pobreza -- _tEstado civil de los pobres -- _tEducación y pobreza -- _tEl subsidio al gas propano y los pobres -- _tEl diferencial del petróleo y los pobres -- _tProtección al arroz y los pobres -- _tEl aceite comestible y los pobres -- _tEl azucar y los pobres -- _tOtros alimentos y los pobres -- _tFuentes de ingreso de los dominicanos -- _tEstabilización economica y reforma estructural: 1990-1992 -- _tEncuesta de ingresos y gasto de 1992 -- _tDistribución el ingreso -- _tPobreza e indigencia -- _tPerfil de la indigencia y la pobreza -- _tLos subsidios generalizados y los pobres -- _tFuentes de ingreso de los dominicanos -- _tDestino del gasto de los dominicanos -- _tAdecuación calórica y proteica -- _tGraficas y tablas -- |
|
| 500 | _aIncluye referencias bibliográficas y notas al pie de las páginas. | ||
| 700 | 1 | 2 |
_aAchécar Chupani, José _918775 |
| 700 | 1 | 2 |
_aSwindale, Anne _973787 |
| 999 |
_c45220 _d45220 |
||